A Guide for the Advanced Soul (Record no. 11344)

MARC details
000 -LEADER
fixed length control field 00613nam a2200241 a 4500
001 - CONTROL NUMBER
control field 0001-1344
003 - CONTROL NUMBER IDENTIFIER
control field ELIB.Books
008 - FIXED-LENGTH DATA ELEMENTS--GENERAL INFORMATION
fixed length control field 150831 2010 eng
020 ## - INTERNATIONAL STANDARD BOOK NUMBER
International Standard Book Number 095904390X
035 ## - SYSTEM CONTROL NUMBER
System control number (ELIB.Books)0001-1499
092 ## - LOCALLY ASSIGNED DEWEY CALL NUMBER (OCLC)
Classification number 248
Item number Hay
100 ## - MAIN ENTRY--PERSONAL NAME
Personal name Hayward, Susan.
245 ## - TITLE STATEMENT
Title A Guide for the Advanced Soul
260 ## - PUBLICATION, DISTRIBUTION, ETC. (IMPRINT)
Place of publication, distribution, etc. Australia:
Name of publisher, distributor, etc. In-Tune Books
Date of publication, distribution, etc. 1984
300 ## - PHYSICAL DESCRIPTION
Dimensions 17.5 Cm
500 ## - GENERAL NOTE
General note Dr. Min Oo
650 ## - SUBJECT ADDED ENTRY--TOPICAL TERM
Topical term or geographic name as entry element Christian Life
856 ## - ELECTRONIC LOCATION AND ACCESS
Name of location of host KBTS: Library
Uniform Resource Identifier <a href="KBTS: Elib">KBTS: Elib</a>
942 ## - ADDED ENTRY ELEMENTS (KOHA)
Source of classification or shelving scheme Dewey Decimal Classification
Koha item type Books
990 ## - EQUIVALENCES OR CROSS-REFERENCES [LOCAL, CANADA]
Link information for 9XX fields 1
998 ## - LOCAL CONTROL INFORMATION (RLIN)
Cataloger's initials, CIN (RLIN) bat
-- 2015-08-31
-- cat
-- 2018-11-19
Holdings
Withdrawn status Lost status Source of classification or shelving scheme Damaged status Not for loan Home library Current library Date acquired Total Checkouts Barcode Date last seen Bill Date Koha item type
    Dewey Decimal Classification     Karen Baptist Theological Seminary Library Karen Baptist Theological Seminary Library 31/08/2015   E000015660 22/01/2022 22/01/2022 Books
Implemented & Customized by: BestBookBuddies

Powered by Koha